LDR 00718naa#a2200157#i#450# 001 RU\\bibl\126741 005 20260705090337.7 011 ## _a2542-1840 100 ## _a20260630b2026####ek#y0rusy0150####ca 102 ## _aRU 200 1# _aМультимедийные технологии как лингводидактическая модель формирования аудитивных навыков в обучении РКИ _eЖурнальная статья 210 1# _aКемерово _cКемеровский государственный университет _d2026 215 ## _a10 с. 608 ## _aЖурнальная статья _2local 700 #1 _aТагизаде _gВафа Гамид 856 4# _avestnik-bees.kemsu.ru _u